| 000 | 00546nam a2200169 4500 | ||
|---|---|---|---|
| 001 | 147942 | ||
| 003 | ES-MaACL | ||
| 005 | 20230906202339.0 | ||
| 007 | t| | ||
| 008 | 070214s1965 ag r ||||1| spa d | ||
| 100 | 1 |
_aStevenson, Adlai E. _9108163 |
|
| 245 | 1 | 3 |
_aEl clamor de la hora _b: conferencias pronunciadas ... con el tÃtulo de `Un mundo angustiado` / _cAdlai E. Stevenson. |
| 260 |
_aBuenos Aires : _bGrijelmo Kraft, _c[1965] |
||
| 300 |
_a145 p. ; _c21 cm. |
||
| 740 | 0 | _aUn mundo angustiado. | |
| 852 |
_aES-MaACL _jF-16371 _bR.58287 |
||
| 999 |
_c147942 _d147942 |
||